|
|
|
|
| LEADER |
02791nam a2200457 a 4500 |
| 001 |
AAL9043 |
| 003 |
BD-DhAAL |
| 005 |
20191112145633.0 |
| 008 |
170523t2011 miunnn| f | eng d |
| 999 |
|
|
|c 38163
|d 38163
|
| 010 |
|
|
|a 2013617772
|
| 020 |
|
|
|a 9780141345659
|
| 020 |
|
|
|a 9781455869749
|
| 020 |
|
|
|a 1455869740
|
| 024 |
3 |
|
|a 9781455869749
|
| 040 |
|
|
|a TEFMT
|b eng
|c TEFMT
|d TEF
|d RECBX
|d BDX
|d MR0
|d KCP
|d ZP7
|d DLC
|d BD-DhAAL
|
| 050 |
0 |
0 |
|a SDC 22789
|
| 082 |
|
|
|a 823.92
|
| 100 |
1 |
|
|a Green, John,
|d 1977-
|9 21606
|
| 245 |
1 |
4 |
|a The fault in our stars /
|c John Green.
|
| 260 |
|
|
|a New Delhi ;
|a London :
|b Penguin Books,
|c c2012, 2017
|
| 300 |
|
|
|a 316 pages ;
|c 22 cm.
|
| 500 |
|
|
|a Originally published in 2012 by Dutton Books and Penguin Books.
"Read on for a sneak preview of John Green's new novel, Turtles all the way down" at the end of the volume.
|
| 526 |
|
|
|a ESS
|
| 541 |
|
|
|a Book Finder International
|e 9043, 36579, 36578
|
| 650 |
|
0 |
|a Cancer
|x Patients
|v Juvenile fiction.
|9 21607
|
| 650 |
|
0 |
|a Interpersonal relations
|v Juvenile fiction.
|9 21608
|
| 650 |
|
0 |
|a Cancer in adolescence
|v Juvenile fiction.
|9 21609
|
| 650 |
|
0 |
|a Terminally ill
|v Juvenile fiction.
|9 21610
|
| 650 |
|
1 |
|a Cancer
|x Patients
|v Fiction.
|9 21611
|
| 650 |
|
1 |
|a Cancer
|v Fiction.
|9 21612
|
| 650 |
|
1 |
|a Interpersonal relations
|v Fiction.
|9 21613
|
| 852 |
|
|
|a Savar Campus Library
|c General Shelf
|
| 942 |
|
|
|2 ddc
|c BK
|
| 952 |
|
|
|0 0
|1 0
|2 ddc
|4 0
|6 823_920000000000000_GRE
|7 0
|9 60788
|a SCL
|b SCL
|c GEN
|d 2017-05-23
|e Tajin Boi Gar
|g 80.00
|l 19
|m 58
|o 823.92 GRE
|p 3020009043
|r 2025-12-28
|s 2025-10-14
|t 1
|w 2017-05-23
|y BK
|
| 952 |
|
|
|0 0
|1 0
|2 ddc
|4 0
|6 823_920000000000000_GRE
|7 0
|9 60789
|a SCL
|b SCL
|c GEN
|d 2017-05-23
|e Tajin Boi Gar
|g 80.00
|l 18
|m 52
|o 823.92 GRE
|p 3020009040
|r 2025-12-02
|s 2025-10-11
|t 2
|w 2017-05-23
|y BK
|
| 952 |
|
|
|0 0
|1 0
|2 ddc
|4 0
|6 823_920000000000000_GRE
|7 0
|9 60790
|a SCL
|b SCL
|c GEN
|d 2017-05-23
|e Tajin Boi Gar
|g 80.00
|l 14
|m 46
|o 823.92 GRE
|p 3020009041
|r 2024-03-28
|s 2024-03-21
|t 3
|w 2017-05-23
|y BK
|
| 952 |
|
|
|0 0
|1 0
|2 ddc
|4 0
|6 823_920000000000000_GRE
|7 0
|9 60791
|a SCL
|b SCL
|c GEN
|d 2017-05-23
|e Tajin Boi Gar
|g 80.00
|l 17
|m 45
|o 823.92 GRE
|p 3020009044
|r 2024-11-09
|s 2024-10-22
|t 4
|w 2017-05-23
|y BK
|
| 952 |
|
|
|0 0
|1 0
|2 ddc
|4 0
|6 823_920000000000000_GRE
|7 0
|9 60792
|a SCL
|b SCL
|c GEN
|d 2017-05-23
|e Tajin Boi Gar
|g 80.00
|l 21
|m 86
|o 823.92 GRE
|p 3020009042
|r 2025-12-25
|s 2025-10-11
|t 5
|w 2017-05-23
|y BK
|
| 952 |
|
|
|0 0
|1 0
|2 ddc
|4 0
|6 823_920000000000000_GRE
|7 0
|9 67033
|a BRACUL
|b BRACUL
|c GEN
|d 2019-11-05
|e Book Finder International
|g 518.00
|l 20
|m 101
|o 823.92 GRE
|p 3010036579
|q 2026-05-14
|r 2025-03-05
|s 2025-03-05
|t 7
|v 518.00
|w 2019-11-05
|y BK
|
| 952 |
|
|
|0 0
|1 0
|2 ddc
|4 0
|6 823_920000000000000_GRE
|7 0
|9 67034
|a BRACUL
|b BRACUL
|c GEN
|d 2019-11-05
|e Book Finder International
|g 518.00
|l 29
|m 143
|o 823.92 GRE
|p 3010036578
|q 2026-05-21
|r 2026-05-14
|s 2026-05-14
|t 6
|v 518.00
|w 2019-11-05
|y BK
|